5HLuxD.jpg

KING HENRY VIII SENIOR AND PRIMARY SCHOOL LIBRARY OPAC

First shot / (Record no. 167)

000 -LEADER
fixed length control field 00851cam a2200277 a 4500
001 - CONTROL NUMBER
control field 544917
003 - CONTROL NUMBER IDENTIFIER
control field SCU
005 - DATE AND TIME OF LATEST TRANSACTION
control field 20190729135537.0
008 - FIXED-LENGTH DATA ELEMENTS--GENERAL INFORMATION
fixed length control field 081208t20092007nyu d 000 1 eng d
020 ## - INTERNATIONAL STANDARD BOOK NUMBER
International Standard Book Number 9780142414217 (pbk.)
020 ## - INTERNATIONAL STANDARD BOOK NUMBER
International Standard Book Number 0142414212 (pbk.)
040 ## - CATALOGING SOURCE
Modifying agency SCU
Transcribing agency KH8
042 ## - AUTHENTICATION CODE
Authentication code nbic
082 ## - DEWEY DECIMAL CLASSIFICATION NUMBER
Classification number FIC SOR
100 1# - MAIN ENTRY--PERSONAL NAME
Personal name Sorrells, Walter.
Relator term author
245 10 - TITLE STATEMENT
Title First shot /
Statement of responsibility, etc. Walter Sorrells.
260 ## - PUBLICATION, DISTRIBUTION, ETC.
Place of publication, distribution, etc. New York :
Name of publisher, distributor, etc. Sleuth Speak,
Date of publication, distribution, etc. 2009, c2007.
300 ## - PHYSICAL DESCRIPTION
Extent 279 p. ;
Dimensions 18 cm.
500 ## - GENERAL NOTE
General note Originally published: New York : Dutton Children's Books, 2007.
500 ## - GENERAL NOTE
General note "What would you do if your dad was a murderer?."
586 8# - AWARDS NOTE
Awards note A Junior Library Guild selection.
650 #0 - SUBJECT ADDED ENTRY--TOPICAL TERM
Topical term or geographic name entry element Family secrets
Form subdivision Juvenile fiction.
650 #0 - SUBJECT ADDED ENTRY--TOPICAL TERM
Topical term or geographic name entry element Murder
Form subdivision Juvenile fiction.
650 #0 - SUBJECT ADDED ENTRY--TOPICAL TERM
Topical term or geographic name entry element Fathers and sons
Form subdivision Juvenile fiction.
942 ## - ADDED ENTRY ELEMENTS (KOHA)
Source of classification or shelving scheme
Koha item type Books - Fiction
Holdings
Withdrawn status Lost status Source of classification or shelving scheme Damaged status Not for loan Collection code Permanent Location Current Location Shelving location Date acquired Total Checkouts Full call number Barcode Date due Date last seen Date last checked out Price effective from Koha item type
          Fiction KH8 Senior School Library KH8 Senior School Library Fiction 2019-07-29 2 FIC SOR 3KHSL000101039 2023-09-24 2023-09-07 2023-09-07 2019-07-29 Books - Fiction

Powered By KH8 IT Dept